Grillas racionales: la búsqueda de la transparencia en la arquitectura moderna
Saved in:
| Hovedforfatter: | |
|---|---|
| Format: | Bog |
| Sprog: | spansk |
| Udgivet: |
Santiago
ARQ
2018
|
| Udgivelse: | 1a. ed |
| Fag: | |
| Tags: |
Tilføj Tag
Ingen Tags, Vær først til at tagge denne postø!
|
MARC
| LEADER | 00000cam a2200000 a 4500 | ||
|---|---|---|---|
| 001 | UCC7053 | ||
| 003 | CL-VaPUC | ||
| 008 | 190125e20180000cl |||||||||||||||||spa|d | ||
| 020 | |a 9789562873840 | ||
| 082 | 0 | 4 | |a 720 |b ANG |2 21 |
| 100 | 0 | |a Angelini, Augusto |e author |9 601602 | |
| 245 | 1 | 0 | |a Grillas racionales: la búsqueda de la transparencia en la arquitectura moderna |
| 250 | |a 1a. ed | ||
| 300 | |a 226 p | ||
| 942 | |c BK | ||
| 945 | |d 20190125 15:54:00 |a dcastane | ||
| 260 | |a Santiago |b ARQ |c 2018 | ||
| 650 | 0 | |a Arquitectura contemporánea |9 367350 | |
| 650 | 0 | |a Arquitectura |y Siglo 21 |9 556966 | |
| 583 | |a last modification |c 20190125 15:54:00 |k Rodrigo Vera | ||
| 999 | |c 373844 |d 373842 | ||
| 952 | |0 0 |1 0 |3 erd |4 0 |6 720_000000000000000_ANG_2018 |7 0 |8 A |9 492091 |a BIBARQ |b BIBARQ |i 5533775 |o 720 ANG 2018 |p 5533775 |r 2025-01-20 |w 2019-11-24 |y BK |z Catalogado en:20190125 |k ARQ | ||